[Event "Titled Tuesday intern op 13th Feb Early"]
[Site "Chess.com INT"]
[Date "2024.02.13"]
[Round "3"]
[White "Hayrapetyan, Hovik"]
[Black "Gulamali, Kazim"]
[Result "1-0"]
[WhiteElo "2432"]
[BlackElo "2243"]
[PlyCount "75"]
[EventDate "2024.02.13"]
[EventType "swiss (blitz)"]
[EventRounds "11"]
[EventCountry "USA"]
[SourceTitle "CB08_2024"]
[SourceDate "2024.02.21"]
[SourceVersion "1"]
[SourceVersionDate "2024.02.21"]
[SourceQuality "1"]

1. d4 d6 2. Nf3 g6 3. c4 Bg7 4. Nc3 f5 5. h4 Nf6 6. h5 Nxh5 7. e4 fxe4 8. Ng5 Nf6 9. Ncxe4 h6 10. Nxf6+ exf6 11. Nf3 Qe7+ 12. Be3 f5 13. Be2 g5 14. Qa4+ Nd7 15. 0-0-0 0-0 16. Bd3 f4 17. Bd2 Nb6 18. Qb3 c5 19. Rde1 Qc7 20. Nxg5 cxd4 21. Kb1 Qc5 22. Ne4 Qc6 23. c5+ d5 24. cxb6 axb6 25. Ng5 Bf5 26. Bxf5 Rxf5 27. Ne6 Qc4 28. Qxc4 dxc4 29. Nxg7 Kxg7 30. Re7+ Kf6 31. Rxb7 Rb5 32. Rxh6+ Kg5 33. Rhxb6 c3 34. Rxb5+ Kg4 35. Rg7+ Kh4 36. Bxf4 c2+ 37. Kc1 Rxa2 38. Bg3# 1-0

[Event "Titled Tuesday intern op 25th Jul Early"]
[Site "Chess.com INT"]
[Date "2023.07.25"]
[Round "5"]
[White "Buscar, Michael"]
[Black "Gulamali, Kazim"]
[Result "1-0"]
[WhiteElo "2041"]
[BlackElo "2243"]
[PlyCount "65"]
[EventDate "2023.07.25"]
[EventType "swiss (blitz)"]
[EventRounds "11"]
[EventCountry "USA"]
[SourceTitle "EXT 2024"]
[Source "ChessBase"]
[SourceDate "2023.10.10"]
[SourceVersion "1"]
[SourceVersionDate "2023.10.10"]
[SourceQuality "1"]

1. d4 Nf6 2. c4 e6 3. Nc3 d5 4. Nf3 a6 5. cxd5 exd5 6. Bg5 Be6 7. e3 Nbd7 8. Bd3 Bd6 9. 0-0 h6 10. Bh4 0-0 11. Rc1 c6 12. Bb1 Re8 13. Qd3 Be7 14. Ne5 Nf8 15. Ne2 Ne4 16. Bxe7 Qxe7 17. Nf4 Bf5 18. Qe2 f6 19. Ned3 Nd6 20. Qh5 g5 21. Ne2 Kg7 22. Ng3 Bg6 23. Qf3 f5 24. Ne5 Qf6 25. Nh5+ Bxh5 26. Qxh5 Rxe5 27. dxe5 Qxe5 28. b3 Re8 29. Rcd1 Ng6 30. Rd4 Nb5 31. Rd2 Nc3 32. Qf3 Nh4 33. Qg3 1-0

[Event "Titled Tuesday intern op 25th Jul Late"]
[Site "Chess.com INT"]
[Date "2023.07.25"]
[Round "2"]
[White "Gulamali, Kazim"]
[Black "Cardozo, D Cesar G"]
[Result "1-0"]
[WhiteElo "2243"]
[BlackElo "2043"]
[PlyCount "61"]
[EventDate "2023.07.25"]
[EventType "swiss (blitz)"]
[EventRounds "11"]
[EventCountry "USA"]
[SourceTitle "EXT 2024"]
[Source "ChessBase"]
[SourceDate "2023.10.10"]
[SourceVersion "1"]
[SourceVersionDate "2023.10.10"]
[SourceQuality "1"]

1. e4 e6 2. d4 d5 3. Nc3 Nf6 4. e5 Nfd7 5. f4 c5 6. Nf3 Nc6 7. Ne2 Qb6 8. c3 cxd4 9. cxd4 f6 10. Nc3 Bb4 11. a3 Bxc3+ 12. bxc3 fxe5 13. fxe5 0-0 14. Bd3 g6 15. Qe2 a6 16. Bh6 Qb3 17. Rc1 Qxa3 18. 0-0 b5 19. Bxf8 Nxf8 20. Qe3 Bd7 21. Qh6 Ne7 22. g4 Rc8 23. Ng5 Nf5 24. gxf5 exf5 25. e6 Bxe6 26. Nxe6 Nxe6 27. Bxf5 Re8 28. Rce1 Qd6 29. Bxe6+ Rxe6 30. Rxe6 Qxe6 31. Rf8# 1-0

[Event "Titled Tuesday intern op 25th Jul Late"]
[Site "Chess.com INT"]
[Date "2023.07.25"]
[Round "6"]
[White "Gulamali, Kazim"]
[Black "Haydon, David Leslie"]
[Result "1/2-1/2"]
[WhiteElo "2243"]
[BlackElo "2230"]
[PlyCount "115"]
[EventDate "2023.07.25"]
[EventType "swiss (blitz)"]
[EventRounds "11"]
[EventCountry "USA"]
[SourceTitle "EXT 2024"]
[Source "ChessBase"]
[SourceDate "2023.10.10"]
[SourceVersion "1"]
[SourceVersionDate "2023.10.10"]
[SourceQuality "1"]

1. e4 c6 2. d4 d5 3. f3 Nf6 4. e5 Nfd7 5. c3 e6 6. f4 c5 7. Nf3 Nc6 8. a3 Nb6 9. Bd3 g6 10. 0-0 Bd7 11. Qe2 cxd4 12. cxd4 Na5 13. Nc3 Nb3 14. Rb1 Nxc1 15. Rbxc1 a6 16. g4 h5 17. h3 hxg4 18. hxg4 Bh6 19. g5 Bg7 20. Kg2 Bc6 21. Rh1 0-0 22. Nh2 Re8 23. Ng4 Re7 24. Nf6+ Kf8 25. Rh7 Rc7 26. Rch1 Nd7 27. Rxg7 Kxg7 28. Rh7+ Kf8 29. Rh8+ Ke7 30. Rxd8 Rxd8 31. Qe1 Rh8 32. Nd1 Nxf6 33. exf6+ Kd8 34. Nf2 Ba4 35. Qa5 Bc6 36. Ng4 Kc8 37. Ne5 Be8 38. Qb6 Rc1 39. Qa7 Rch1 40. Qc5+ Kb8 41. Bxa6 bxa6 42. Qb6+ Kc8 43. Qxa6+ Kc7 44. Qa7+ Kc8 45. Qc5+ Kb8 46. b4 R8h2+ 47. Kf3 Rf1+ 48. Kg3 Rhh1 49. Qb6+ Kc8 50. Qa6+ Kc7 51. Qa7+ Kc8 52. Qa8+ Kc7 53. Qxe8 Rhg1+ 54. Kh2 Rh1+ 55. Kg2 Rhg1+ 56. Kh2 Rh1+ 57. Kg2 Rhg1+ 58. Kh2 1/2-1/2

[Event "Titled Tuesday intern op 18th Jul Early"]
[Site "Chess.com INT"]
[Date "2023.07.18"]
[Round "10"]
[White "Gulamali, Kazim"]
[Black "Galiot, Goran"]
[Result "1-0"]
[WhiteElo "2243"]
[BlackElo "2257"]
[PlyCount "91"]
[EventDate "2023.07.18"]
[EventType "swiss (blitz)"]
[EventRounds "11"]
[EventCountry "USA"]
[SourceTitle "EXT 2024"]
[Source "ChessBase"]
[SourceDate "2023.10.10"]
[SourceVersion "1"]
[SourceVersionDate "2023.10.10"]
[SourceQuality "1"]

1. e4 c5 2. Nf3 e6 3. d4 cxd4 4. Nxd4 Nf6 5. Bd3 Nc6 6. Nb3 b6 7. f4 d6 8. 0-0 Qc7 9. Nc3 a6 10. Be3 b5 11. Qf3 Bb7 12. a4 b4 13. Na2 Be7 14. c3 d5 15. e5 Ne4 16. Rac1 Qd7 17. Rfd1 f5 18. exf6 Nxf6 19. Nc5 Bxc5 20. Bxc5 b3 21. Nb4 Nxb4 22. cxb4 Qxa4 23. f5 e5 24. Qg3 Kf7 25. Qxe5 Rhe8 26. Qg3 Qd7 27. Bd4 Rac8 28. Rc5 Rxc5 29. bxc5 Bc6 30. Bxa6 Qxf5 31. Rf1 Qe4 32. Bxf6 gxf6 33. Qc7+ Re7 34. Qxc6 Re6 35. Qb7+ Kg6 36. Qxb3 Rxa6 37. Qg3+ Kh6 38. Qh3+ Kg6 39. Qg3+ Kf7 40. Qf2 Qe5 41. h3 Rc6 42. b4 d4 43. Rd1 d3 44. Rxd3 Re6 45. Rd7+ Kg6 46. Rd1 1-0

[Event "Titled Tuesday intern op 27th Jun Late"]
[Site "Chess.com INT"]
[Date "2023.06.27"]
[Round "1"]
[White "Gulamali, Kazim"]
[Black "Yanchenko, Roman"]
[Result "0-1"]
[WhiteElo "2243"]
[BlackElo "2466"]
[PlyCount "92"]
[EventDate "2023.06.27"]
[EventType "swiss (blitz)"]
[EventRounds "11"]
[EventCountry "USA"]
[SourceTitle "EXT 2024"]
[Source "ChessBase"]
[SourceDate "2023.10.10"]
[SourceVersion "1"]
[SourceVersionDate "2023.10.10"]
[SourceQuality "1"]

1. e4 e6 2. d4 d5 3. Nc3 Bb4 4. e5 Ne7 5. Bd2 b6 6. Qg4 0-0 7. h4 Kh8 8. h5 h6 9. Rh3 Ba6 10. Bxa6 Nxa6 11. Qe2 Nb8 12. g4 c5 13. Nb5 Bxd2+ 14. Qxd2 cxd4 15. Nxd4 Nbc6 16. Ngf3 Rc8 17. g5 Nxd4 18. Nxd4 hxg5 19. Qxg5 Nc6 20. Qxd8 Rfxd8 21. Nxc6 Rxc6 22. 0-0-0 Rc4 23. Rf3 Rd7 24. Rg1 Rdc7 25. c3 d4 26. Rfg3 dxc3 27. b3 Re4 28. Rxg7 Re1+ 29. Kc2 Re2+ 30. Kd3 Rxe5 31. Rg8+ Kh7 32. R8g7+ Kh6 33. Rg8 Rd5+ 34. Kc2 f5 35. R8g6+ Kh7 36. h6 Rd2+ 37. Kb1 Rb2+ 38. Ka1 Rxf2 39. Rxe6 c2 40. Rc1 f4 41. Kb2 f3 42. Rf6 b5 43. b4 Re7 44. Rxc2 Ree2 45. Rxe2 fxe2 46. Kb3 Rxf6 0-1

[Event "Titled Tuesday intern op 27th Jun Late"]
[Site "Chess.com INT"]
[Date "2023.06.27"]
[Round "11"]
[White "Kavutskiy, Konstantin"]
[Black "Gulamali, Kazim"]
[Result "1/2-1/2"]
[WhiteElo "2414"]
[BlackElo "2243"]
[PlyCount "59"]
[EventDate "2023.06.27"]
[EventType "swiss (blitz)"]
[EventRounds "11"]
[EventCountry "USA"]
[SourceTitle "EXT 2024"]
[Source "ChessBase"]
[SourceDate "2023.10.10"]
[SourceVersion "1"]
[SourceVersionDate "2023.10.10"]
[SourceQuality "1"]

1. d4 Nf6 2. c4 e6 3. Nf3 d5 4. Nc3 a6 5. cxd5 exd5 6. Bf4 Bd6 7. Be5 c6 8. e3 Qe7 9. Bd3 Nbd7 10. Bxd6 Qxd6 11. 0-0 0-0 12. Qc2 Re8 13. Rab1 a5 14. a3 b5 15. h3 Nb6 16. Ne2 a4 17. Nf4 Nc4 18. Bxc4 bxc4 19. Ne2 Ne4 20. Nc3 Bf5 21. Nh4 Bd7 22. Nxa4 Qf6 23. Nb6 Bxh3 24. Nxa8 Qxh4 25. Nc7 Bxg2 26. Kxg2 Qg4+ 27. Kh2 Qh4+ 28. Kg2 Qg4+ 29. Kh2 Qh4+ 30. Kg2 1/2-1/2

[Event "Titled Tuesday intern op 21st April"]
[Site "Chess.com INT"]
[Date "2020.04.21"]
[Round "4"]
[White "Karthikeyan, Murali"]
[Black "Gulamali, Kazim"]
[Result "1-0"]
[WhiteElo "2606"]
[BlackElo "2308"]
[PlyCount "69"]
[EventDate "2020.04.21"]
[EventType "swiss (blitz)"]
[EventRounds "10"]
[EventCountry "USA"]
[SourceTitle "EXT 2021"]
[Source "ChessBase"]
[SourceDate "2020.10.23"]
[SourceVersion "1"]
[SourceVersionDate "2020.10.23"]
[SourceQuality "1"]

1. e4 d6 2. d4 Nf6 3. Nc3 g6 4. Nf3 Bg7 5. Be2 0-0 6. 0-0 a6 7. h3 b5 8. e5 Nfd7 9. Re1 Nb6 10. a3 Bb7 11. Bg5 h6 12. Bf4 Nc6 13. Qc1 Kh7 14. Bd3 dxe5 15. dxe5 Nd4 16. Nxd4 Qxd4 17. Be4 Bxe4 18. Rxe4 Qd7 19. Bxh6 Rh8 20. Bxg7 Kxg7 21. e6 Qd6 22. exf7 Kxf7 23. Qe3 Nc4 24. Qf3+ Kg7 25. Rae1 e5 26. Qg3 Rh5 27. a4 c6 28. b3 Na3 29. Rxe5 Rxe5 30. Rxe5 Nxc2 31. Ne4 Qd1+ 32. Kh2 Rf8 33. Re7+ Rf7 34. Qe5+ Kf8 35. Re8# 1-0

[Event "Titled Tuesday intern op 3rd Jan"]
[Site "Chess.com INT"]
[Date "2019.12.03"]
[Round "1"]
[White "Wojtaszek, Radoslaw"]
[Black "Gulamali, Kazim"]
[Result "0-1"]
[WhiteElo "2725"]
[BlackElo "2308"]
[PlyCount "80"]
[EventDate "2019.12.03"]
[EventType "swiss (blitz)"]
[EventRounds "10"]
[EventCountry "USA"]
[SourceTitle "EXT 2021"]
[Source "ChessBase"]
[SourceDate "2020.10.23"]
[SourceVersion "1"]
[SourceVersionDate "2020.10.23"]
[SourceQuality "1"]

1. c4 e5 2. Nc3 Nc6 3. Nf3 Nf6 4. a3 g6 5. e3 Bg7 6. Qc2 0-0 7. b4 d6 8. d3 Nd7 9. Bb2 f5 10. Be2 g5 11. Nd2 Nf6 12. h3 Ne7 13. g4 f4 14. Nde4 Nxe4 15. dxe4 Ng6 16. 0-0-0 Qe7 17. c5 dxc5 18. Nd5 Qf7 19. Qxc5 Be6 20. Kb1 c6 21. Nc3 Rfc8 22. Qa5 fxe3 23. fxe3 Qf2 24. Rd6 Bb3 25. Rd7 b6 26. Qa6 Qxe3 27. Qb7 Bf8 28. Rf1 Nf4 29. Bd1 Bc4 30. Rf3 Qe1 31. Bc1 Be6 32. Rd2 Rd8 33. Re3 Qg1 34. Rxd8 Rxd8 35. Bc2 c5 36. b5 c4 37. Ne2 Nxe2 38. Rxe2 Bxa3 39. Bd1 Qxd1 40. Rc2 Bxc1 0-1

[Event "Titled Tuesday intern op 2nd July"]
[Site "Chess.com INT"]
[Date "2019.07.02"]
[Round "2"]
[White "Gulamali, Kazim"]
[Black "Papayan, Oleg"]
[Result "1/2-1/2"]
[WhiteElo "2308"]
[BlackElo "2246"]
[PlyCount "122"]
[EventDate "2019.07.02"]
[EventType "swiss (blitz)"]
[EventRounds "10"]
[EventCountry "USA"]
[SourceTitle "EXT 2021"]
[Source "ChessBase"]
[SourceDate "2020.10.23"]
[SourceVersion "1"]
[SourceVersionDate "2020.10.23"]
[SourceQuality "1"]

1. e4 c6 2. d4 d5 3. f3 g6 4. Nc3 Bg7 5. e5 b5 6. Be3 b4 7. Na4 Qa5 8. b3 Nd7 9. Qd2 Nb6 10. a3 Nc4 11. axb4 Nxd2 12. bxa5 Nxf1 13. Kxf1 Nh6 14. g4 f6 15. exf6 exf6 16. Nc5 0-0 17. Kg2 Re8 18. Bf2 f5 19. g5 Nf7 20. f4 Nd6 21. Nf3 Ne4 22. Rae1 Rb8 23. h4 Rb5 24. a6 Ra5 25. h5 Bxa6 26. h6 Bf8 27. Nxa6 Rxa6 28. Ra1 Rxa1 29. Rxa1 Bd6 30. Ne5 Bxe5 31. dxe5 c5 32. Rxa7 d4 33. Rg7+ Kh8 34. Ra7 Kg8 35. Be1 Rd8 36. Kf3 d3 37. cxd3 Rxd3+ 38. Ke2 Rd4 39. e6 Rd8 40. Rg7+ Kh8 41. Ba5 Re8 42. e7 Ra8 43. Kd3 c4+ 44. Kxc4 Nd6+ 45. Kd5 Rxa5+ 46. Kxd6 Rd5+ 47. Kc7 Rd7+ 48. Kc6 Rc7+ 49. Kb5 Rc5+ 50. Kb4 Rc4+ 51. Ka3 Ra4+ 52. Kb2 Ra2+ 53. Kc3 Rc2+ 54. Kd4 Rd2+ 55. Ke5 Re2+ 56. Kf6 Re6+ 57. Kf7 Rxe7+ 58. Kf8 Re8+ 59. Kf7 Re7+ 60. Kf6 Re6+ 61. Kf7 Re7+ 1/2-1/2

[Event "Titled Tuesday intern op 2nd July"]
[Site "Chess.com INT"]
[Date "2019.07.02"]
[Round "3"]
[White "Megalios, Konstantinos"]
[Black "Gulamali, Kazim"]
[Result "1-0"]
[WhiteElo "2412"]
[BlackElo "2308"]
[PlyCount "73"]
[EventDate "2019.07.02"]
[EventType "swiss (blitz)"]
[EventRounds "10"]
[EventCountry "USA"]
[SourceTitle "EXT 2021"]
[Source "ChessBase"]
[SourceDate "2020.10.23"]
[SourceVersion "1"]
[SourceVersionDate "2020.10.23"]
[SourceQuality "1"]

1. d4 Nf6 2. c4 e6 3. g3 c5 4. Nf3 a6 5. Bg2 b5 6. d5 exd5 7. cxd5 d6 8. 0-0 Bb7 9. e4 Nbd7 10. a4 Be7 11. axb5 axb5 12. Rxa8 Bxa8 13. e5 Nxe5 14. Nxe5 dxe5 15. d6 Bxg2 16. dxe7 Qd5 17. Nc3 Qxd1 18. Rxd1 Kxe7 19. Kxg2 b4 20. Nd5+ Ke6 21. Nc7+ Kf5 22. Be3 Rc8 23. Na6 c4 24. Nxb4 c3 25. bxc3 Rxc3 26. Nd5 Nxd5 27. Rxd5 Ke6 28. Ra5 Rc6 29. g4 g6 30. g5 f5 31. gxf6 Kxf6 32. Kf3 h5 33. h4 Ke6 34. Ra8 Rc7 35. Ra6+ Kf5 36. Bg5 Rc3+ 37. Kg2 1-0

[Event "PRO League Stage"]
[Site "Chess.com INT"]
[Date "2019.01.22"]
[Round "3"]
[White "Bykhovsky, Anatoly"]
[Black "Gulamali, Kazim"]
[Result "1-0"]
[WhiteElo "2496"]
[BlackElo "2308"]
[PlyCount "57"]
[EventDate "2019.01.08"]
[EventType "team-swiss (rapid)"]
[EventRounds "10"]
[EventCountry "USA"]
[SourceTitle "CBM 188 Extra"]
[Source "ChessBase"]
[SourceDate "2019.02.26"]
[SourceVersion "1"]
[SourceVersionDate "2019.02.26"]
[SourceQuality "1"]
[WhiteTeam "New York Marshalls"]
[BlackTeam "Miami Champions"]
[WhiteTeamCountry "USA"]
[BlackTeamCountry "USA"]

1. d4 Nf6 2. Nf3 g6 3. c4 Bg7 4. Nc3 0-0 5. e4 d6 6. Be2 c5 7. d5 e5 8. 0-0 Nbd7 9. Ne1 Ne8 10. Be3 f5 11. f3 Ndf6 12. a3 f4 13. Bf2 g5 14. b4 b6 15. Rb1 h5 16. h3 Rf7 17. Nd3 Bf8 18. bxc5 bxc5 19. Bxc5 dxc5 20. Nxe5 Rg7 21. Nc6 Qd7 22. e5 g4 23. fxg4 hxg4 24. hxg4 Nxd5 25. cxd5 c4 26. Ne4 Ba6 27. Rxf4 Rc8 28. Qf1 Bxa3 29. Bxc4 1-0

[Event "PRO League Stage"]
[Site "Chess.com INT"]
[Date "2019.01.22"]
[Round "3"]
[White "Gulamali, Kazim"]
[Black "Jacobson, Aaron"]
[Result "1/2-1/2"]
[WhiteElo "2308"]
[BlackElo "2286"]
[PlyCount "66"]
[EventDate "2019.01.08"]
[EventType "team-swiss (rapid)"]
[EventRounds "10"]
[EventCountry "USA"]
[SourceTitle "CBM 188 Extra"]
[Source "ChessBase"]
[SourceDate "2019.02.26"]
[SourceVersion "1"]
[SourceVersionDate "2019.02.26"]
[SourceQuality "1"]
[WhiteTeam "Miami Champions"]
[BlackTeam "New York Marshalls"]
[WhiteTeamCountry "USA"]
[BlackTeamCountry "USA"]

1. Nf3 Nf6 2. g3 d5 3. Bg2 e6 4. 0-0 Be7 5. b3 0-0 6. Bb2 b6 7. c4 Bb7 8. cxd5 exd5 9. d4 Ne4 10. Nc3 Nxc3 11. Bxc3 Nd7 12. Rc1 Bd6 13. Qd2 a5 14. Ne5 Re8 15. Nd3 Qe7 16. Rfe1 Nf6 17. Qg5 h6 18. Qh4 Kh7 19. Bd2 a4 20. b4 a3 21. Bf4 Ba6 22. Ne5 Bb5 23. Nc6 Bxc6 24. Rxc6 Bxf4 25. Qxf4 Qxb4 26. Kf1 Re7 27. Rxf6 gxf6 28. Bxd5 Rae8 29. Qf5+ Kg7 30. Qg4+ Kh8 31. Qf4 Kg7 32. Qg4+ Kh8 33. Qf4 Kg7 1/2-1/2

[Event "PRO League Stage"]
[Site "Chess.com INT"]
[Date "2019.01.22"]
[Round "3"]
[White "Gulamali, Kazim"]
[Black "Moranda, Wojciech"]
[Result "0-1"]
[WhiteElo "2308"]
[BlackElo "2593"]
[PlyCount "60"]
[EventDate "2019.01.08"]
[EventType "team-swiss (rapid)"]
[EventRounds "10"]
[EventCountry "USA"]
[SourceTitle "CBM 188 Extra"]
[Source "ChessBase"]
[SourceDate "2019.02.26"]
[SourceVersion "1"]
[SourceVersionDate "2019.02.26"]
[SourceQuality "1"]
[WhiteTeam "Miami Champions"]
[BlackTeam "New York Marshalls"]
[WhiteTeamCountry "USA"]
[BlackTeamCountry "USA"]

1. e4 c5 2. Nf3 d6 3. d4 cxd4 4. Qxd4 Nc6 5. Bb5 Bd7 6. Bxc6 Bxc6 7. Nc3 Nf6 8. Bg5 e6 9. 0-0-0 Be7 10. Kb1 0-0 11. Rhe1 h6 12. Bh4 Qa5 13. Qd3 Qh5 14. g4 Qxg4 15. Rg1 Qh5 16. Rg2 Kh8 17. Rdg1 Rg8 18. Qe3 Rae8 19. Rg3 e5 20. Bg5 hxg5 21. Nxg5 Bd7 22. Qf3 Qxf3 23. Nxf7+ Kh7 24. Ng5+ Kg6 25. Nxf3+ Kf7 26. Ng5+ Kf8 27. Rf3 g6 28. Nd5 Kg7 29. Nxe7 Rxe7 30. Rd1 Bg4 0-1

[Event "Titled Tuesday intern op 1st Jan"]
[Site "Chess.com INT"]
[Date "2019.01.01"]
[Round "3"]
[White "Krysa, Leandro Sergio"]
[Black "Gulamali, Kazim"]
[Result "1/2-1/2"]
[WhiteElo "2499"]
[BlackElo "2308"]
[PlyCount "146"]
[EventDate "2019.01.01"]
[EventType "swiss (blitz)"]
[EventRounds "10"]
[EventCountry "USA"]
[SourceTitle "EXT 2021"]
[Source "ChessBase"]
[SourceDate "2020.10.23"]
[SourceVersion "1"]
[SourceVersionDate "2020.10.23"]
[SourceQuality "1"]

1. c4 e5 2. g3 Nf6 3. Bg2 d5 4. cxd5 Nxd5 5. Nc3 Nb6 6. d3 Be7 7. Nf3 Nc6 8. 0-0 0-0 9. Be3 Re8 10. a3 Bf8 11. Rc1 Nd4 12. Ne4 a5 13. Re1 a4 14. Nc5 Ra5 15. Ne4 Nb3 16. Rc2 Nd5 17. Bd2 Ra7 18. Nc3 Nb6 19. Nb5 c6 20. Nxa7 Bd7 21. Be3 Nd5 22. Nd2 Nxe3 23. fxe3 Qb6 24. Nxc6 Qxe3+ 25. Kh1 bxc6 26. Nxb3 axb3 27. Rc4 Qb6 28. Qc1 c5 29. Bd5 Qd6 30. e4 Be6 31. Bxe6 Rxe6 32. Qe3 Qd8 33. Rc3 Rb6 34. Kg2 h6 35. Rec1 Rb5 36. Rc4 g6 37. R1c3 h5 38. a4 Rb8 39. h4 Qd7 40. a5 Qb5 41. Rxc5 Bxc5 42. Qxc5 Kg7 43. Kf3 Kh7 44. Qc7 Kg7 45. Qc5 f6 46. Ke3 Kh6 47. Qxb5 Rxb5 48. a6 Ra5 49. Rc6 Ra2 50. Rxf6 Rxb2 51. Rb6 Ra2 52. Rxb3 Rxa6 53. Rb5 Re6 54. d4 exd4+ 55. Kxd4 Rd6+ 56. Rd5 Ra6 57. Ke5 Ra3 58. Kf4 Kg7 59. e5 Ra4+ 60. Kf3 Ra3+ 61. Ke4 Rxg3 62. Rd7+ Kf8 63. e6 Rg4+ 64. Ke5 Rxh4 65. Ra7 Rh1 66. Kf6 Rf1+ 67. Kxg6 h4 68. Rh7 Rf4 69. Kg5 Rf1 70. Rxh4 Ke7 71. Re4 Rf6 72. Re5 Rxe6 73. Rxe6+ Kxe6 1/2-1/2

[Event "Titled Tuesday intern op 1st Jan"]
[Site "Chess.com INT"]
[Date "2019.01.01"]
[Round "1"]
[White "Turgut, Tansel"]
[Black "Gulamali, Kazim"]
[Result "0-1"]
[WhiteElo "2294"]
[BlackElo "2308"]
[PlyCount "72"]
[EventDate "2019.01.01"]
[EventType "swiss (blitz)"]
[EventRounds "10"]
[EventCountry "USA"]
[SourceTitle "EXT 2021"]
[Source "ChessBase"]
[SourceDate "2020.10.23"]
[SourceVersion "1"]
[SourceVersionDate "2020.10.23"]
[SourceQuality "1"]

1. d4 Nf6 2. Nf3 e6 3. Bf4 c5 4. c3 d5 5. e3 Bd6 6. Bg3 Qc7 7. Nbd2 0-0 8. Bd3 Nbd7 9. Qe2 e5 10. dxe5 Nxe5 11. Nxe5 Bxe5 12. Bxe5 Qxe5 13. 0-0 Bg4 14. Nf3 Qc7 15. h3 Bh5 16. Qd1 Rad8 17. Be2 Rd6 18. Qa4 a6 19. Rad1 Rfd8 20. Rfe1 Ne4 21. Nd2 Bg6 22. Bf3 b5 23. Qa3 Nf6 24. b4 c4 25. g3 Bd3 26. Bg2 Ne4 27. Nf3 Rf6 28. g4 h6 29. Qc1 a5 30. a3 axb4 31. axb4 Ra8 32. Rf1 Ra2 33. Rxd3 cxd3 34. Qb1 Nxc3 35. Qxd3 Qc4 36. Qd4 Ne2+ 0-1

[Event "Titled Tuesday intern op 1st May"]
[Site "Chess.com INT"]
[Date "2018.05.01"]
[Round "2"]
[White "Gulamali, Kazim"]
[Black "Eljanov, Pavel"]
[Result "1-0"]
[WhiteElo "2295"]
[BlackElo "2702"]
[PlyCount "61"]
[EventDate "2018.05.01"]
[EventType "swiss (blitz)"]
[EventRounds "10"]
[EventCountry "USA"]
[SourceTitle "EXT 2021"]
[Source "ChessBase"]
[SourceDate "2020.10.23"]
[SourceVersion "1"]
[SourceVersionDate "2020.10.23"]
[SourceQuality "1"]

1. e4 e5 2. Nc3 Nf6 3. f4 d5 4. fxe5 Nxe4 5. Qf3 Nxc3 6. bxc3 Be7 7. d4 0-0 8. Bd3 c5 9. Ne2 c4 10. Bf5 Bxf5 11. Qxf5 Qc8 12. Qf3 Qd7 13. Nf4 Rd8 14. 0-0 Nc6 15. Nh5 Qe6 16. Nf4 Qd7 17. Rb1 b6 18. a4 Bf8 19. Rb5 Ne7 20. Ba3 a6 21. Rxb6 Qf5 22. Bxe7 Bxe7 23. Nxd5 Qxf3 24. Nxe7+ Kf8 25. Rxf3 Kxe7 26. Rb7+ Ke6 27. Rfxf7 Rf8 28. Rxf8 Rxf8 29. Rc7 Kd5 30. Rc5+ Ke4 31. e6 1-0